Ballon d'Or - classement 2005 - Statistiques

Statistiques générales
  • Ce quiz a été pris 61 fois
  • Le résultat moyen est 21 sur 24
Statistiques - réponses
Poste Club Nationalité Rang Réponse % Correct
Attaquant Milan AC Ukraine 5 Andriy Chevtchenko
100%
Milieu Lyon Brésil 12 Juninho
100%
Défenseur Milan AC Italie 6 Paolo Maldini
100%
Milieu FC Barcelone Brésil 1 Ronaldinho
100%
Attaquant FC Barcelone Cameroun 10 Samuel Eto'o
100%
Attaquant Arsenal France 4 Thierry Henry
100%
Attaquant Juventus Suède 8 Zlatan Ibrahimović
100%
Milieu Chelsea Angleterre 2 Frank Lampard
98%
Gardien Juventus Italie 19 Gianluigi Buffon
98%
Milieu Liverpool Angleterre 3 Steven Gerrard
98%
Milieu Real Madrid France 18 Zinédine Zidane
98%
Attaquant Manchester United Portugal 20 Cristiano Ronaldo
96%
Attaquant Chelsea Côte d'Ivoire 15 Didier Drogba
96%
Gardien Chelsea République Tchèque 16 Petr Cech
93%
Attaquant Inter Milan Brésil 7 Adriano
89%
Défenseur Chelsea Angleterre 11 John Terry
89%
Milieu Milan AC Brésil 9 Kaká
89%
Milieu Chelsea France 13 Claude Makélélé
86%
Milieu Juventus République Tchèque 24 Pavel Nedvěd
86%
Milieu Chelsea Ghana 22 Michael Essien
84%
Milieu Villarreal Argentine 17 Juan Román Riquelme
70%
Milieu Bayern Munich Allemagne 14 Michael Ballack
70%
Défenseur Liverpool Angleterre 21 Jamie Carragher
54%
Milieu Liverpool Espagne 23 Luis Garcia
18%
Aucun quiz correspondant
Distribution des résultats
% des personnes avec chaque résultat
Percentile par nombre de réponses
Votre historique - résultats
Vous n’avez pas pris ce quiz